| 000 | 00000nam 2200000zi 4500 |
| 001 | 9.902289 |
| 003 | CaOODSP |
| 005 | 20240110095822 |
| 006 | m o d f |
| 007 | cr ||||||||||| |
| 008 | 210804t20212021onc o f000 0 fre d |
| 020 | |a9780660399393 |
| 040 | |aCaOODSP|bfre|erda|cCaOODSP |
| 043 | |an-cn--- |
| 086 | 1 |aT94-32/2021F-PDF |
| 245 | 02|aL’Initiative de recherche et de connaissances : |bguide du demandeur. |
| 264 | 1|aOttawa (Ontario) : |bInfrastructure Canada, |c[2021] |
| 264 | 4|c©2021 |
| 300 | |a1 ressource en ligne (8 pages) |
| 336 | |atexte|btxt|2rdacontent/fre |
| 337 | |ainformatique|bc|2rdamedia/fre |
| 338 | |aressource en ligne|bcr|2rdacarrier/fre |
| 500 | |aTitre de la couverture. |
| 500 | |aPublié aussi en anglais sous le titre : Research and Knowledge Initiative applicant guide. |
| 650 | 6|aInfrastructure (Économie politique)|zCanada. |
| 710 | 1 |aCanada. |bInfrastructure Canada, |eorganisme de publication. |
| 775 | 08|tResearch and Knowledge Initiative applicant guide.|w(CaOODSP)9.902290 |
| 794 | |tInitiative de recherche et de connaissances guide du demandeur : |w(CaOODSP)9.931371 |
| 856 | 40|qPDF|s243 Ko|uhttps://publications.gc.ca/collections/collection_2021/infc/T94-32-2021-fra.pdf |